000
00310nam a2200145Ia 4500
100
_a
Musgrave/ Richard A
942
_c
BK
654
_a
Public finance
245
_a
The Theory of Public Finance
260
_b
Mc Graw Hill
_c
1959
082
_a
336
_b
MUS
300
_a
628
546
_a
ENGLISH
999
_c
22542
_d
22542